| 000 | 00860nam a2200277 a 4500 | ||
|---|---|---|---|
| 001 | 356 | ||
| 003 | BR-CuiBMT | ||
| 005 | 20231101215118.0 | ||
| 008 | 231101s2019 mgba 000 0 por d | ||
| 020 | _a9788545006329 | ||
| 040 |
_aBR-CuiBMT _cBR-CuiBMT |
||
| 080 |
_22007 _a35.078.3 |
||
| 090 |
_a35.078.3 _bG934c _c4. ed. |
||
| 100 | 1 |
_aGuerra, Evandro Martins, _d1966- |
|
| 245 | 0 |
_aControle externo da administração pública / _cEvandro Martins Guerra ; prefácio, Carlos Pinto Coelho Motta. |
|
| 250 | _a4. ed., rev. ampl. e atual. | ||
| 260 |
_aBelo Horizonte : _bFórum. _c2019. |
||
| 300 |
_a345 p.: _bil. _c22 cm |
||
| 504 | _aInclui bibliografia. | ||
| 650 | _aDireito administrativo | ||
| 650 | _aControles externo | ||
| 650 | _aAdministração pública | ||
| 650 | _aDireito financeiro | ||
| 650 | _aOrçamento público | ||
| 942 |
_2udc _cLV |
||
| 999 |
_c356 _d356 |
||